[Event "Prague Summer op-B 9th"]
[Site "Prague"]
[Date "2022.08.06"]
[Round "2"]
[White "Korniichuk, Oleksandra"]
[Black "Veelenturf, Wim"]
[Result "1-0"]
[WhiteElo "1793"]
[BlackElo "1536"]
[PlyCount "81"]
[EventDate "2022.08.05"]
[EventType "swiss"]
[EventRounds "9"]
[EventCountry "CZE"]
[SourceTitle "EXT 2023"]
[Source "ChessBase"]
[SourceDate "2022.10.05"]
[SourceVersion "1"]
[SourceVersionDate "2022.10.05"]
[SourceQuality "1"]

1. e4 e5 2. Nf3 Nc6 3. Bc4 h6 4. 0-0 Nf6 5. Re1 d6 6. h3 Be7 7. d4 0-0 8. d5 Na5 9. Bd3 b6 10. b4 Nb7 11. Ba6 Rb8 12. Na3 Bd7 13. Nb5 Bxb5 14. Bxb5 Qc8 15. Ba6 c5 16. c3 Qd7 17. a4 Ne8 18. Rb1 Bf6 19. Ba3 Qe7 20. Re2 cxb4 21. cxb4 Nc7 22. Bxb7 Rxb7 23. b5 a6 24. Rc2 axb5 25. Rc6 Rd8 26. axb5 Ne8 27. Rbc1 Qd7 28. Qc2 g6 29. Rc8 Kg7 30. Rxd8 Bxd8 31. Qc6 Rc7 32. Qxd7 Rxd7 33. Rc6 f6 34. Nd2 Nc7 35. Rxb6 Nxd5 36. Rc6 Nf4 37. Nc4 d5 38. exd5 Nxd5 39. b6 Nf4 40. Rd6 Rxd6 41. Bxd6 1-0

[Event "Douglas IoM op-B"]
[Site "Douglas"]
[Date "2018.10.28"]
[Round "7"]
[White "Veelenturf, Wim"]
[Black "Oxener, Aldo"]
[Result "1/2-1/2"]
[WhiteElo "1694"]
[BlackElo "1579"]
[PlyCount "61"]
[EventDate "2018.10.22"]
[EventType "swiss"]
[EventRounds "7"]
[EventCountry "IOM"]
[SourceTitle "CBM 187 Extra"]
[Source "ChessBase"]
[SourceDate "2018.11.04"]
[SourceVersion "1"]
[SourceVersionDate "2018.11.04"]
[SourceQuality "1"]

1. e4 c5 2. c3 d6 3. Nf3 Nf6 4. d3 e5 5. Be2 Be7 6. 0-0 h6 7. a4 Be6 8. Qc2 0-0 9. Na3 Nbd7 10. c4 Ne8 11. Ne1 f5 12. f4 fxe4 13. dxe4 a6 14. f5 Bf7 15. Be3 Bg5 16. Qd2 Bxe3+ 17. Qxe3 Ndf6 18. h3 Qb6 19. b3 Qc6 20. Bf3 Nc7 21. Nb1 b5 22. Nd2 bxc4 23. bxc4 Rab8 24. g4 Rb4 25. Qd3 Rfb8 26. Bd1 Nce8 27. Nef3 a5 28. g5 hxg5 29. Nxg5 Bh5 30. Bc2 Nc7 31. Rfb1 1/2-1/2

[Event "Douglas IoM op-B"]
[Site "Douglas"]
[Date "2018.10.25"]
[Round "4"]
[White "Veelenturf, Wim"]
[Black "Price, Andrew"]
[Result "0-1"]
[WhiteElo "1694"]
[BlackElo "1765"]
[PlyCount "46"]
[EventDate "2018.10.22"]
[EventType "swiss"]
[EventRounds "7"]
[EventCountry "IOM"]
[SourceTitle "CBM 187 Extra"]
[Source "ChessBase"]
[SourceDate "2018.11.04"]
[SourceVersion "1"]
[SourceVersionDate "2018.11.04"]
[SourceQuality "1"]

1. e4 c5 2. c3 Nf6 3. d3 d6 4. Nf3 g6 5. Be2 Bg7 6. 0-0 0-0 7. Qc2 Qc7 8. Bf4 Nh5 9. Bg3 Nxg3 10. fxg3 Nd7 11. Nbd2 b6 12. Rab1 Bb7 13. Ne1 b5 14. a3 Rac8 15. Kh1 Ne5 16. Ndf3 Ng4 17. Qd2 Bh6 18. Ng5 Ne5 19. Nef3 Nxf3 20. gxf3 f6 21. Ne6 Bxd2 22. Nxc7 Rxc7 23. f4 b4 0-1

[Event "SCO-ch 122nd"]
[Site "Edinburgh"]
[Date "2015.07.14"]
[Round "4"]
[White "Kynoch, Richard"]
[Black "Veelenturf, Wim"]
[Result "1-0"]
[WhiteElo "1934"]
[BlackElo "1697"]
[PlyCount "39"]
[EventDate "2015.07.11"]
[EventType "swiss"]
[EventRounds "9"]
[EventCountry "SCO"]
[SourceTitle "CBM 167 Extra"]
[Source "ChessBase"]
[SourceDate "2015.09.14"]
[SourceVersion "1"]
[SourceVersionDate "2015.09.14"]
[SourceQuality "1"]

1. e4 c6 2. d4 d5 3. e5 Bf5 4. Ne2 e6 5. Ng3 Bg6 6. h4 h6 7. h5 Bh7 8. Bd3 Bxd3 9. cxd3 Nd7 10. Nc3 a6 11. f4 c5 12. dxc5 d4 13. Nce4 Bxc5 14. 0-0 Ne7 15. f5 exf5 16. Nd6+ Kf8 17. Ngxf5 Nxe5 18. Ne4 Nxf5 19. Rxf5 Bd6 20. Bf4 1-0

[Event "Maastricht Limburg op-B 9th"]
[Site "Maastricht"]
[Date "2015.05.25"]
[Round "7"]
[White "Veelenturf, Wim"]
[Black "Plug, Arjan JH"]
[Result "0-1"]
[WhiteElo "1712"]
[BlackElo "1876"]
[PlyCount "98"]
[EventDate "2015.05.22"]
[EventType "swiss"]
[EventRounds "7"]
[EventCountry "NED"]
[SourceTitle "EXT 2016"]
[Source "ChessBase"]
[SourceDate "2015.10.08"]
[SourceVersion "1"]
[SourceVersionDate "2015.10.08"]
[SourceQuality "1"]

1. d4 Nf6 2. c4 Nc6 3. Nf3 e6 4. Nc3 Bb4 5. e3 0-0 6. Bd3 d6 7. 0-0 Bxc3 8. bxc3 e5 9. e4 Bg4 10. d5 Ne7 11. Bg5 Ng6 12. h3 Bd7 13. Nh4 h6 14. Nxg6 fxg6 15. Be3 Nh5 16. Be2 Nf4 17. Bg4 g5 18. Bxf4 Rxf4 19. f3 Bxg4 20. hxg4 Qd7 21. Qe2 b6 22. Rf2 Raf8 23. g3 R4f6 24. Kg2 Qa4 25. Raf1 c6 26. Qd3 Kh8 27. Rb1 cxd5 28. cxd5 Rc8 29. Rb3 Rf7 30. Rc2 Rfc7 31. Kh3 Rc5 32. Rb1 b5 33. Rbc1 Qc4 34. Qxc4 Rxc4 35. Rb2 a6 36. Rb3 Ra4 37. a3 Kg8 38. Kg2 Kf7 39. Kf2 Ke7 40. Ke2 Kd7 41. Kd3 Rac4 42. Rb4 R8c5 43. Rc2 Kc7 44. Kd2 Kb6 45. Rb3 Ka5 46. Ra2 Rc7 47. Ra1 Rf7 48. Rf1 Rxe4 49. Rb4 Rc4 0-1

[Event "St Petersburg Botvinnik Memorial op"]
[Site "St Petersburg"]
[Date "2012.08.26"]
[Round "2"]
[White "Rozhko, Dmitry"]
[Black "Veelenturf, Wim"]
[Result "1-0"]
[WhiteElo "2388"]
[BlackElo "1690"]
[PlyCount "51"]
[EventDate "2012.08.25"]
[EventType "swiss"]
[EventRounds "9"]
[EventCountry "RUS"]
[SourceTitle "CBM 150 Extra"]
[Source "ChessBase"]
[SourceDate "2012.10.19"]
[SourceVersion "1"]
[SourceVersionDate "2012.10.19"]
[SourceQuality "1"]

1. d4 d5 2. Nf3 Nf6 3. c4 c6 4. cxd5 cxd5 5. Nc3 e6 6. Bf4 Bd6 7. Bxd6 Qxd6 8. e3 0-0 9. Bd3 h6 10. Ne5 a6 11. 0-0 Nfd7 12. f4 f5 13. g4 Nxe5 14. fxe5 Qd8 15. Qf3 Qg5 16. Kh1 Qxg4 17. Qxg4 fxg4 18. Bh7+ Kxh7 19. Rxf8 Nd7 20. Rd8 Nb6 21. Rf1 Bd7 22. Rxa8 Nxa8 23. Kg2 Kg8 24. Kg3 h5 25. Kh4 Be8 26. e4 1-0

[Event "Maastricht Limburg op-C 6th"]
[Site "Maastricht"]
[Date "2012.05.28"]
[Round "7"]
[White "Veelenturf, Wim"]
[Black "Calje, Adrey"]
[Result "1-0"]
[WhiteElo "1690"]
[BlackElo "1032"]
[PlyCount "25"]
[EventDate "2012.05.25"]
[EventType "swiss"]
[EventRounds "7"]
[EventCountry "NED"]
[SourceTitle "EXT 2013"]
[Source "ChessBase"]
[SourceDate "2012.11.22"]
[SourceVersion "1"]
[SourceVersionDate "2012.11.22"]
[SourceQuality "1"]

1. e4 e5 2. Bc4 Nc6 3. Nf3 f5 4. d3 Nf6 5. Bg5 d6 6. Nc3 h6 7. Bxf6 gxf6 8. Nh4 Ne7 9. Qh5+ Kd7 10. Qf7 c6 11. Qxf6 Rh7 12. Nxf5 Nxf5 13. Qxf5+ 1-0

[Event "Maastricht Limburg op-C 6th"]
[Site "Maastricht"]
[Date "2012.05.27"]
[Round "4"]
[White "Veelenturf, Wim"]
[Black "Hoferichter, Michael"]
[Result "1-0"]
[WhiteElo "1690"]
[BlackElo "1188"]
[PlyCount "105"]
[EventDate "2012.05.25"]
[EventType "swiss"]
[EventRounds "7"]
[EventCountry "NED"]
[SourceTitle "EXT 2013"]
[Source "ChessBase"]
[SourceDate "2012.11.22"]
[SourceVersion "1"]
[SourceVersionDate "2012.11.22"]
[SourceQuality "1"]

1. e4 e6 2. d4 d5 3. Nc3 dxe4 4. Nxe4 Nc6 5. Nf3 Nf6 6. Ng3 h6 7. c3 Bd6 8. Bb5 Bd7 9. Qe2 Bxg3 10. hxg3 a6 11. Ba4 Ne7 12. Bc2 Bc6 13. Bd2 Ng4 14. Rh4 Nf6 15. 0-0-0 Ng6 16. Bxg6 Bxf3 17. Qxe6+ Qe7 18. Bxf7+ Kf8 19. Qxe7+ Kxe7 20. gxf3 Kxf7 21. Re1 Rhe8 22. Rhh1 Rad8 23. Rxe8 Rxe8 24. Re1 Rxe1+ 25. Bxe1 c6 26. Kd2 h5 27. Ke2 b5 28. Bd2 Nd5 29. Kd3 Kg6 30. Ke4 Kf6 31. f4 g6 32. f3 Ne7 33. Be1 g5 34. fxg5+ Kxg5 35. Ke5 Nf5 36. Bf2 a5 37. d5 cxd5 38. Kxd5 h4 39. gxh4+ Kf4 40. Kc5 Kxf3 41. Bd4 b4 42. Bf6 bxc3 43. bxc3 Ke4 44. Kb5 Kd5 45. h5 a4 46. Kxa4 Kc4 47. Bd4 Ne7 48. h6 Ng6 49. h7 Kd5 50. h8Q Nxh8 51. Bxh8 Kc4 52. a3 Kc5 53. Kb3 1-0

[Event "Maastricht Limburg op-C 5th"]
[Site "Maastricht"]
[Date "2011.06.12"]
[Round "5"]
[White "Veelenturf, Wim"]
[Black "De Vries, Robert"]
[Result "1/2-1/2"]
[WhiteElo "1697"]
[BlackElo "1536"]
[PlyCount "28"]
[EventDate "2011.06.10"]
[EventType "swiss"]
[EventRounds "7"]
[EventCountry "NED"]
[SourceTitle "EXT 2012"]
[Source "ChessBase"]
[SourceDate "2011.11.24"]
[SourceVersion "1"]
[SourceVersionDate "2011.11.24"]
[SourceQuality "1"]

1. e4 e5 2. Bc4 Nf6 3. d3 Bc5 4. Bg5 d6 5. Nc3 0-0 6. Nd5 Nbd7 7. h3 c6 8. Nxf6+ Nxf6 9. Nf3 h6 10. Bh4 Be6 11. Bb3 Qb6 12. Qd2 Nd7 13. 0-0 d5 14. Bg3 f6 1/2-1/2

[Event "Maastricht Limburg op-C 5th"]
[Site "Maastricht"]
[Date "2011.06.12"]
[Round "4"]
[White "Welling, Sophie"]
[Black "Veelenturf, Wim"]
[Result "1/2-1/2"]
[WhiteElo "1567"]
[BlackElo "1697"]
[PlyCount "41"]
[EventDate "2011.06.10"]
[EventType "swiss"]
[EventRounds "7"]
[EventCountry "NED"]
[SourceTitle "EXT 2012"]
[Source "ChessBase"]
[SourceDate "2011.11.24"]
[SourceVersion "1"]
[SourceVersionDate "2011.11.24"]
[SourceQuality "1"]

1. d4 d6 2. c4 e5 3. dxe5 dxe5 4. Qxd8+ Kxd8 5. Nc3 Be6 6. b3 c6 7. e3 Nd7 8. Nf3 f6 9. Be2 Ne7 10. Bb2 Kc7 11. 0-0 g5 12. Rfd1 Ng6 13. Rac1 Be7 14. Nd5+ Kd8 15. Nxe7 Kxe7 16. c5 Rhd8 17. Nd2 f5 18. a3 Nf6 19. Nc4 Rxd1+ 20. Rxd1 Bxc4 21. Bxc4 1/2-1/2

[Event "Maastricht Limburg op-C 5th"]
[Site "Maastricht"]
[Date "2011.06.11"]
[Round "3"]
[White "Veelenturf, Wim"]
[Black "Van Ginneken, Maikel"]
[Result "1/2-1/2"]
[WhiteElo "1697"]
[BlackElo "1337"]
[PlyCount "61"]
[EventDate "2011.06.10"]
[EventType "swiss"]
[EventRounds "7"]
[EventCountry "NED"]
[SourceTitle "EXT 2012"]
[Source "ChessBase"]
[SourceDate "2011.11.24"]
[SourceVersion "1"]
[SourceVersionDate "2011.11.24"]
[SourceQuality "1"]

1. e4 e5 2. f4 Nf6 3. Nc3 Bb4 4. d3 d6 5. Nf3 Nc6 6. Be2 Bc5 7. Na4 Bb4+ 8. c3 Ba5 9. b4 Bb6 10. Nxb6 axb6 11. 0-0 0-0 12. fxe5 dxe5 13. Bg5 Be6 14. b5 Ne7 15. Bxf6 gxf6 16. Nh4 Ng6 17. Nf5 Bxa2 18. Qd2 Be6 19. Rxa8 Qxa8 20. Qh6 Bxf5 21. exf5 Nf4 22. Bf3 Qd8 23. Be4 Ne2+ 24. Kh1 Nxc3 25. Re1 Qd4 26. h3 Qf2 27. Ra1 Ne2 28. Qxf6 Ng3+ 29. Kh2 Nf1+ 30. Rxf1 Qxf1 31. Qg5+ 1/2-1/2

[Event "Maastricht Limburg op-C 5th"]
[Site "Maastricht"]
[Date "2011.06.10"]
[Round "1"]
[White "Veelenturf, Wim"]
[Black "Geene, Patrick"]
[Result "1-0"]
[WhiteElo "1697"]
[BlackElo "1531"]
[PlyCount "130"]
[EventDate "2011.06.10"]
[EventType "swiss"]
[EventRounds "7"]
[EventCountry "NED"]
[SourceTitle "EXT 2012"]
[Source "ChessBase"]
[SourceDate "2011.11.24"]
[SourceVersion "1"]
[SourceVersionDate "2011.11.24"]
[SourceQuality "1"]

1. e4 e5 2. f4 Bc5 3. Nf3 d6 4. c3 Nf6 5. h3 Bd7 6. d3 Nc6 7. g4 h6 8. Qe2 Qe7 9. Be3 Bxe3 10. Qxe3 exf4 11. Qxf4 Ne5 12. Nxe5 Qxe5 13. Qxe5+ dxe5 14. Nd2 0-0-0 15. 0-0-0 Rhe8 16. Nf3 Bc6 17. Rh2 Nd7 18. Rf2 f6 19. Nh4 Nc5 20. Nf5 Rd7 21. Kc2 Red8 22. Rfd2 a5 23. b3 a4 24. Ne3 b5 25. Be2 Kb7 26. Bf3 axb3+ 27. axb3 Ra8 28. Nd5 Ra2+ 29. Kb1 Ra3 30. Ra2 Rxb3+ 31. Kc2 Bxd5 32. exd5 Rd6 33. Rda1 b4 34. Ra7+ Kc8 35. cxb4 Rxb4 36. Ra8+ Rb8 37. R1a5 Nb3 38. Rxb8+ Kxb8 39. Rb5+ Kc8 40. Rxb3 Ra6 41. Be4 Ra2+ 42. Rb2 Ra6 43. Bf5+ Kd8 44. Rb8+ Ke7 45. Be6 Ra2+ 46. Kc3 Rh2 47. Rg8 g5 48. Rg7+ Kd6 49. Rd7+ Kc5 50. Rxc7+ Kd6 51. Rf7 Rxh3 52. Rxf6 e4 53. Bf5+ Ke5 54. Re6+ Kxd5 55. Rxe4 Rh1 56. Re8 Rc1+ 57. Kd2 Ra1 58. Rh8 Ra2+ 59. Ke3 Rh2 60. Be4+ Kd6 61. Kd4 Rh4 62. Bf5 Rh2 63. Rh7 Kc6 64. Ke5 Re2+ 65. Be4+ Kc5 1-0

[Event "Politiken Cup 32nd"]
[Site "Copenhagen"]
[Date "2010.07.31"]
[Round "1"]
[White "Veelenturf, Wim"]
[Black "Andersson, Christin"]
[Result "0-1"]
[WhiteElo "1719"]
[BlackElo "2129"]
[PlyCount "146"]
[EventDate "2010.07.31"]
[EventType "swiss"]
[EventRounds "10"]
[EventCountry "DEN"]
[SourceTitle "CBM 137 Extra"]
[Source "ChessBase"]
[SourceDate "2010.09.01"]
[SourceVersion "1"]
[SourceVersionDate "2010.09.01"]
[SourceQuality "1"]

1. Nf3 Nf6 2. d4 d5 3. Bg5 Ne4 4. Nbd2 Nxg5 5. Nxg5 e5 6. Ngf3 e4 7. Ng1 c5 8. e3 Qb6 9. dxc5 Qxb2 10. Rb1 Qf6 11. Nb3 Qc3+ 12. Qd2 Qxd2+ 13. Kxd2 Nd7 14. Bb5 a6 15. Ba4 Kd8 16. Bxd7 Kxd7 17. Ne2 Kc7 18. Nf4 Be6 19. Kc3 g5 20. Ne2 Bg7+ 21. Ned4 Rhc8 22. Na5 Rab8 23. Rb6 Bf8 24. Rhb1 Bxc5 25. Rxb7+ Rxb7 26. Rxb7+ Kd6 27. Kd2 Rc7 28. c3 Bd7 29. h3 Bxd4 30. cxd4 Rxb7 31. Nxb7+ Kc7 32. Nc5 Bb5 33. Ke1 Bc4 34. a3 Bb5 35. f3 exf3 36. gxf3 Kd6 37. Kf2 h5 38. e4 f6 39. Kg3 Be2 40. Kf2 Bc4 41. Kg3 h4+ 42. Kf2 Bb5 43. Kg2 Bc6 44. Kf2 Bb5 45. Kg2 Bc6 46. Kf2 a5 47. a4 Ke7 48. Ke3 Kf7 49. Kf2 Kg6 50. Ke3 Kh5 51. Kf2 Kg6 52. Ke3 f5 53. e5 Kh5 54. Kf2 g4 55. Kg2 Be8 56. f4 Kg6 57. Nb3 Bxa4 58. Nxa5 g3 59. Nb7 Kf7 60. e6+ Ke7 61. Nc5 Be8 62. Nd3 Kxe6 63. Ne5 Bh5 64. Kg1 Kd6 65. Nd3 Be2 66. Ne5 Bh5 67. Nd3 Kc7 68. Kg2 Kb6 69. Ne5 Kb5 70. Nd7 Kc4 71. Nf6 Bg6 72. Ng8 Kxd4 73. Ne7 Bh7 0-1

[Event "Maastricht Limburg op-C 4th"]
[Site "Maastricht"]
[Date "2010.05.24"]
[Round "7"]
[White "Van Velthoven, Paul"]
[Black "Veelenturf, Wim"]
[Result "1/2-1/2"]
[WhiteElo "1416"]
[BlackElo "1719"]
[PlyCount "52"]
[EventDate "2010.05.21"]
[EventType "swiss"]
[EventRounds "7"]
[EventCountry "NED"]
[SourceTitle "EXT 2011"]
[Source "ChessBase"]
[SourceDate "2010.11.26"]
[SourceVersion "1"]
[SourceVersionDate "2010.11.26"]
[SourceQuality "1"]

1. e4 c6 2. d4 d5 3. e5 Bf5 4. g4 Bg6 5. h4 h5 6. e6 fxe6 7. Bh3 hxg4 8. Bxg4 Bf5 9. Bxf5 exf5 10. Nf3 Qd6 11. Ne5 Nd7 12. Bf4 Nxe5 13. Bxe5 Qg6 14. Qf3 Nf6 15. Nc3 Qg4 16. Qxg4 Nxg4 17. Bf4 e6 18. f3 Nf6 19. 0-0-0 Kd7 20. Ne2 Nh5 21. Bg5 Bd6 22. Rhg1 Raf8 23. Rg2 Rf7 24. f4 b6 25. Rd3 b5 26. Kd2 a5 1/2-1/2

[Event "Maastricht Limburg op-C 4th"]
[Site "Maastricht"]
[Date "2010.05.22"]
[Round "2"]
[White "Baekelant, Viktor"]
[Black "Veelenturf, Wim"]
[Result "0-1"]
[WhiteElo "1047"]
[BlackElo "1719"]
[PlyCount "74"]
[EventDate "2010.05.21"]
[EventType "swiss"]
[EventRounds "7"]
[EventCountry "NED"]
[SourceTitle "EXT 2011"]
[Source "ChessBase"]
[SourceDate "2010.11.26"]
[SourceVersion "1"]
[SourceVersionDate "2010.11.26"]
[SourceQuality "1"]

1. e4 c6 2. d4 d5 3. exd5 cxd5 4. Nf3 Nc6 5. c4 Nf6 6. Nc3 e6 7. Bg5 Be7 8. Be2 0-0 9. 0-0 dxc4 10. Bxc4 Nd5 11. Nxd5 exd5 12. Bxd5 Bxg5 13. Nxg5 Qxg5 14. Bf3 Bd7 15. Qd3 Rad8 16. Rfd1 Bg4 17. Bxg4 Qxg4 18. d5 Ne5 19. Qc3 Ng6 20. h3 Qg5 21. Qd4 b6 22. Rd2 Rd6 23. Rad1 Rfd8 24. g3 Ne5 25. h4 Nf3+ 26. Kg2 Nxd4 27. hxg5 Rxd5 28. f4 Nf5 29. Rxd5 Rxd5 30. Rxd5 Ne3+ 31. Kf3 Nxd5 32. Ke4 Ne7 33. b3 Kf8 34. a4 Ke8 35. a5 Kd7 36. axb6 axb6 37. b4 Kd6 0-1